[Event "Belgrade Trophy 31st"]
[Site "Belgrade"]
[Date "2017.12.01"]
[Round "8"]
[White "Batyte, Daiva"]
[Black "Krasteva, Beloslava"]
[Result "1/2-1/2"]
[WhiteElo "2220"]
[BlackElo "2071"]
[PlyCount "71"]
[EventDate "2017.11.24"]
[EventType "swiss"]
[EventRounds "9"]
[EventCountry "SRB"]
[SourceTitle "CBM 181 Extra"]
[Source "ChessBase"]
[SourceDate "2017.12.12"]
[SourceVersion "1"]
[SourceVersionDate "2017.12.12"]
[SourceQuality "1"]

1. c4 e6 2. Nf3 d5 3. g3 Nf6 4. Bg2 dxc4 5. Qa4+ Nbd7 6. 0-0 c5 7. Qxc4 Rb8 8. d3 Bd6 9. Nc3 a6 10. a4 b6 11. Ng5 Ne5 12. Qb3 Bc7 13. Nge4 Nxe4 14. Nxe4 Bb7 15. Bf4 Nc6 16. Bxc7 Qxc7 17. e3 0-0 18. Rac1 Rfd8 19. f4 Na5 20. Qc3 Qd7 21. Rfd1 Qxa4 22. Nxc5 bxc5 23. Ra1 Qb3 24. Qxa5 Bxg2 25. Kxg2 Rxd3 26. Qc7 c4 27. Rxd3 Qxb2+ 28. Rd2 Qxd2+ 29. Kh3 Qd8 30. Qxc4 Qf6 31. Ra2 Qf5+ 32. g4 Qb5 33. Qc7 h5 34. gxh5 Qxh5+ 35. Kg3 Qg6+ 36. Kf3 1/2-1/2

[Event "Belgrade Trophy 31st"]
[Site "Belgrade"]
[Date "2017.11.30"]
[Round "7"]
[White "Grcic, Vukasin"]
[Black "Batyte, Daiva"]
[Result "1/2-1/2"]
[WhiteElo "2088"]
[BlackElo "2220"]
[PlyCount "44"]
[EventDate "2017.11.24"]
[EventType "swiss"]
[EventRounds "9"]
[EventCountry "SRB"]
[SourceTitle "CBM 181 Extra"]
[Source "ChessBase"]
[SourceDate "2017.12.12"]
[SourceVersion "1"]
[SourceVersionDate "2017.12.12"]
[SourceQuality "1"]

1. e4 e6 2. d4 d5 3. Nc3 dxe4 4. Nxe4 Bd7 5. Nf3 Bc6 6. Bd3 Nd7 7. 0-0 Ngf6 8. Re1 Nxe4 9. Bxe4 Bxe4 10. Rxe4 Nf6 11. Bg5 Be7 12. Bxf6 Bxf6 13. c3 0-0 14. Ne5 Qd5 15. Qe2 Bxe5 16. Rxe5 Qd6 17. Re1 b6 18. Qf3 Rac8 19. d5 exd5 20. Qxd5 Qxd5 21. Rxd5 Rfe8 22. Kf1 Rxe1+ 1/2-1/2

[Event "Belgrade Trophy 31st"]
[Site "Belgrade"]
[Date "2017.11.27"]
[Round "4"]
[White "Batyte, Daiva"]
[Black "Petrovic, Zoran Z"]
[Result "1-0"]
[WhiteElo "2220"]
[BlackElo "1999"]
[PlyCount "125"]
[EventDate "2017.11.24"]
[EventType "swiss"]
[EventRounds "9"]
[EventCountry "SRB"]
[SourceTitle "CBM 181 Extra"]
[Source "ChessBase"]
[SourceDate "2017.12.12"]
[SourceVersion "1"]
[SourceVersionDate "2017.12.12"]
[SourceQuality "1"]

1. c4 e6 2. Nc3 d5 3. d4 c5 4. cxd5 exd5 5. Nf3 Nc6 6. g3 Nf6 7. Bg2 Be7 8. 0-0 0-0 9. Bg5 cxd4 10. Nxd4 h6 11. Be3 Re8 12. h3 Bf8 13. Rc1 Na5 14. b3 Ba3 15. Rc2 a6 16. Qd3 Bd6 17. Rd1 Qe7 18. Nf5 Bxf5 19. Qxf5 Qe6 20. Qf3 Rac8 21. Bd4 Ne4 22. Rcc1 Be5 23. Bxe5 Qxe5 24. Nxe4 dxe4 25. Qe3 Rxc1 26. Qxc1 e3 27. f4 Qb5 28. Rd3 Qb6 29. Rd7 Qg6 30. Kh2 Qf6 31. Bd5 Re7 32. Qc7 Rxd7 33. Qxd7 g6 34. Qe8+ Kg7 35. Qxe3 Nc6 36. Qe8 g5 37. e3 gxf4 38. gxf4 Nb4 39. Bxb7 Nxa2 40. Qc6 Qxc6 41. Bxc6 Nb4 42. Be4 a5 43. Kg3 Na6 44. Bd5 f5 45. Kf3 Kf6 46. Ke2 Ke7 47. Kd2 Kd6 48. Bc4 Nc5 49. Kc3 Ne4+ 50. Kd4 Nd2 51. Bd5 h5 52. h4 Nb1 53. Bf7 Nd2 54. Kd3 Ne4 55. Bxh5 Kc5 56. Bg6 Kb4 57. Bxf5 Nc5+ 58. Kc2 Nxb3 59. h5 a4 60. h6 a3 61. h7 a2 62. h8Q a1Q 63. Qb8+ 1-0